All 2-Letter Country Codes - Statistics

General Stats
  • This quiz has been taken 56 times
  • The average score is 109 of 194
Answer Stats
Country Code % Correct
Afghanistan AF
100%
Albania AL
97%
Australia AU
97%
Argentina AR
94%
Antigua and Barbuda AG
91%
Bahrain BH
91%
Brunei BN
91%
Brazil BR
91%
Canada CA
91%
Armenia AM
89%
Azerbaijan AZ
89%
Belgium BE
89%
Bahamas BS
89%
Switzerland CH
89%
Austria AT
86%
Belize BZ
86%
United Kingdom GB
86%
Andorra AD
83%
Bosnia and Herzegovina BA
83%
Bulgaria BG
83%
Bolivia BO
83%
Colombia CO
83%
Burundi BI
80%
Spain ES
80%
Gabon GA
80%
Angola AO
77%
Bangladesh BD
77%
Costa Rica CR
77%
Cape Verde CV
77%
Germany DE
77%
Denmark DK
77%
Greece GR
77%
United Arab Emirates AE
74%
Burkina Faso BF
74%
Bhutan BT
74%
Chile CL
74%
China CN
74%
Cyprus CY
74%
Barbados BB
71%
Democratic Republic of the Congo CD
71%
Ivory Coast CI
71%
Cuba CU
71%
Djibouti DJ
71%
Egypt EG
71%
Eritrea ER
71%
Ethiopia ET
71%
Georgia GE
71%
Indonesia ID
71%
Iraq IQ
71%
Iran IR
71%
Morocco MA
71%
Ecuador EC
69%
Finland FI
69%
Japan JP
69%
Laos LA
69%
Dominica DM
66%
Dominican Republic DO
66%
Grenada GD
66%
Guinea GN
66%
Guatemala GT
66%
India IN
66%
Italy IT
66%
Jordan JO
66%
Kenya KE
66%
Liechtenstein LI
66%
Latvia LV
66%
Mali ML
66%
Malaysia MY
66%
Saudi Arabia SA
66%
Botswana BW
63%
Czechia CZ
63%
Fiji FJ
63%
France FR
63%
Haiti HT
63%
Hungary HU
63%
Ireland IE
63%
Israel IL
63%
Iceland IS
63%
Kiribati KI
63%
Lithuania LT
63%
Luxembourg LU
63%
Libya LY
63%
Moldova MD
63%
Malta MT
63%
Panama PA
63%
Sweden SE
63%
Sierra Leone SL
63%
Jamaica JM
60%
Kuwait KW
60%
Kazakhstan KZ
60%
Lebanon LB
60%
Madagascar MG
60%
Mexico MX
60%
San Marino SM
60%
United States US
60%
Guyana GY
57%
Honduras HN
57%
Mongolia MN
57%
Mauritania MR
57%
Maldives MV
57%
Malawi MW
57%
Niger NE
57%
Nicaragua NI
57%
Peru PE
57%
Philippines PH
57%
Poland PL
57%
Somalia SO
57%
South Korea KR
54%
Liberia LR
54%
Lesotho LS
54%
Monaco MC
54%
Norway NO
54%
New Zealand NZ
54%
Ghana GH
51%
Gambia GM
51%
Kyrgyzstan KG
51%
Mauritius MU
51%
Namibia NA
51%
Nauru NR
51%
Russia RU
51%
Slovenia SI
51%
Suriname SR
51%
São Tomé and Príncipe ST
51%
Croatia HR
49%
Mozambique MZ
49%
Papua New Guinea PG
49%
Qatar QA
49%
Romania RO
49%
Rwanda RW
49%
Slovakia SK
49%
Senegal SN
49%
South Africa ZA
49%
Montenegro ME
46%
Nigeria NG
46%
Oman OM
46%
South Sudan SS
46%
Syria SY
46%
Tonga TO
46%
Turkey TR
46%
Federated States of Micronesia FM
43%
Nepal NP
43%
Paraguay PY
43%
Singapore SG
43%
Thailand TH
43%
Algeria DZ
40%
Estonia EE
40%
Saint Kitts and Nevis KN
40%
Marshall Islands MH
40%
Sudan SD
40%
El Salvador SV
40%
Tunisia TN
40%
Trinidad and Tobago TT
40%
Taiwan TW
40%
Ukraine UA
40%
Uganda UG
40%
Pakistan PK
37%
Seychelles SC
37%
Togo TG
37%
East Timor TL
37%
Turkmenistan TM
37%
Tanzania TZ
37%
Myanmar MM
34%
Portugal PT
34%
Tajikistan TJ
34%
Tuvalu TV
34%
Venezuela VE
34%
Vietnam VN
34%
Yemen YE
34%
Central African Republic CF
31%
Uruguay UY
31%
Uzbekistan UZ
31%
Vatican City VA
31%
Zambia ZM
31%
Zimbabwe ZW
31%
Belarus BY
29%
Cambodia KH
29%
Solomon Islands SB
29%
Republic of the Congo CG
26%
Netherlands NL
26%
Saint Vincent and the Grenadines VC
26%
Vanuatu VU
26%
North Korea KP
23%
Eswatini SZ
23%
Benin BJ
20%
Chad TD
20%
Equatorial Guinea GQ
17%
Comoros KM
17%
Saint Lucia LC
17%
Serbia RS
17%
Guinea-Bissau GW
11%
Sri Lanka LK
11%
North Macedonia MK
11%
Palau PW
11%
Samoa WS
11%
No matching quizzes found
Score Distribution
Percent of People with Each Score
Percentile by Number Answered
Your Score History
You have not taken this quiz